000 00566nam a2200217Ia 4500
005 20260429112304.0
008 260429s9999||||xx |||||||||||||| ||und||
020 _a9781647287276
041 _aEnglish
082 _a511.5
_bGRI
100 _aGriffin, Peter
245 0 _aFoundations of graph theory, Vol. 1 /
_cPeter Griffin
250 _a1st ed.
260 _aNew York :
_bWillford Press,
_c2025.
300 _avii, 203 p.; hb
440 _vVol. 1
650 _a Discrete mathematics
650 _a Mathematics
650 _aGraph theory
942 _cTB
999 _c53328
_d53328